000 00627nam a22002057a 4500
005 20220418160349.0
008 220321b ||||| |||| 00| 0 eng d
020 _a9788131530016
040 _cAL
041 _aeng
082 _223
_a547
_bSAIC
100 _aSeema Saini
_924327
245 _aChapterwise topicwise daily practice problem organic chemistry- Part 2
_bJEE Main and advanced
260 _aNew Delhi
_bCengage Learning India
_c2016
300 _aiv,178p.
_bPB
_c27.5x21.6cm
365 _2General
_aVBI-1345
500 _aComplimentary Copy
650 _2Chemistry
_aOrganic chemistry
_924328
942 _2ddc
_cBK
999 _c221963
_d221963